000 01301nam a2200325 i 4500
003 EG-GICUC
005 20260121101341.0
008 251124k20012002us ||||fr|||| 001 0 ara d
017 _a2001/13660
020 _a9770435406
040 _a EG-GICUC
_bara
_c EG-GICUC
_d EG-GICUC
_erda
041 _aara
082 0 4 _a343.413
_bم ح . ج
_221
092 0 4 _221
099 _aLaw1 10 343.413 م ح . ج 2002 1006090
100 0 _aمحمد سعد الشربيني.
_eمؤلف.
245 1 0 _aجرائم التهرب من ضريبة المبيعات وفقا لأحكام القانون 11 لسنة 1991 والقانون 17 لسنة 2001 م /
_cالدكتور محمد سعد الشربيني.
264 1 _aالقاهرة :
_bدار النهضة العربية،
_c2002.
300 _a487 صفحة ؛
_c24 سم.
_bإيضاحيات، صور، مثيليات ؛
336 _2rda content
_atext
337 _2rda media
_aComputer
338 _2rda carrier
_aOnline Resource
504 _aيشتمل على ارجاعات ببليوجرافية.
546 _aالنص باللغة العربية
650 1 _aقانون العقوبات الضريبي.
_2qrmak
651 1 _2qrmak
856 4 0 _uhttps://fll.law.cu.edu.eg/fulltext/bks/B10-06090.pdf
905 _a18
942 _2ddc
_n0
_cBK
_e21
999 _c45804
_d45804